| 000 | 00806cam a2200205 4500 | ||
|---|---|---|---|
| 001 | D15433 | ||
| 008 | 090401t1976 xxu||||| |||| 00| 0 eng d | ||
| 035 | _a(Sirsi) u22793 | ||
| 041 | _aeng | ||
| 050 | _a692.81 | ||
| 110 |
_aRoyal Institution of Chartered Surveyors _94900 |
||
| 245 | _aGoing bust! A look at the problems associated with insolvency during the course of a building contract; a one day refresher course organised by the RICS Junior Organisation (Quantity Surveyors), [held at the] Old Swan Hotel, Harrogate, Yorkshire, [on] Wednesday 10th November 1976. | ||
| 260 |
_bRICS _c1976 |
||
| 300 | _a1. 15p | ||
| 350 | _a0 | ||
| 520 | _aSpeaker`s programme and attendance list; Filed in Archives box 1976/24 A | ||
| 710 |
_aJunior Organisation _91081 |
||
| 942 | _n0 | ||
| 948 | _c04/03/1997 | ||
| 999 |
_c88252 _d88252 |
||